000 00438nam a2200133Ia 4500
008 220216s9999 xx 000 0 und d
100 _aRoberts A D
245 0 _aSurface treatments of rubber to reduce adhesion and friction for surgical glove applications
260 _bJournal of applied polymer science: Applied polymer symposia
_c1992
650 _aAdhesion
650 _aSurface treatment
650 _aSurgical gloves
942 _cJS
999 _c70017
_d70017